Statistiques concernant Espèces : Ursidae

Cliquez ici pour prendre le quiz!

Statistiques générales

  • Ce quiz a été pris 30 fois
  • Le résultat moyen est 6 sur 8

Statistiques - réponses

Réponse% Correct
Ours Brun
100%
Ours Polaire
100%
Panda Géant
100%
Ours Noir
82%
Ours à Lunettes
65%
Ours Malais
47%
Ours Lippu
29%
Ours Noir d'Asie
29%

Distribution des résultats

Percentile par nombre de réponses

% des personnes avec chaque résultat

Votre développement - résultats

Vous n’avez pas pris ce quiz